[Event "GBR-ch109 Over 50"]
[Site "Leicester"]
[Date "2023.07.28"]
[Round "5.8"]
[White "Ledger, Stephen C"]
[Black "Townsend, M Paul"]
[Result "1/2-1/2"]
[WhiteElo "1978"]
[BlackElo "2209"]
[PlyCount "40"]
[EventDate "2023.07.24"]
[EventType "swiss"]
[EventRounds "7"]
[EventCountry "GBR"]
[SourceTitle "BritBase"]
[Source "John Saunders"]
[SourceDate "2025.01.31"]
[SourceVersion "1"]
[SourceVersionDate "2025.01.31"]
[SourceQuality "1"]

1. d4 e6 2. Nf3 d5 3. Bf4 Bd6 4. e3 Bxf4 5. exf4 Nf6 6. c3 O-O 7. Nbd2 c5 8. Bd3 cxd4 9. Nxd4 Qc7 10. g3 e5 11. fxe5 Qxe5+ 12. Qe2 Qc7 13. O-O Nc6 14. N2f3 Bg4 15. Qc2 Rfe8 16. Rfe1 Ne5 17. Nxe5 Rxe5 18. f3 Bh5 19. Rxe5 Qxe5 20. Qe2 Re8 1/2-1/2

[Event "GBR-ch109 Over 50"]
[Site "Leicester"]
[Date "2023.07.28"]
[Round "5.9"]
[White "Handley, Michael R"]
[Black "Dargan, Paul AG"]
[Result "1/2-1/2"]
[WhiteElo "1965"]
[BlackElo "2091"]
[PlyCount "52"]
[EventDate "2023.07.24"]
[EventType "swiss"]
[EventRounds "7"]
[EventCountry "GBR"]
[SourceTitle "BritBase"]
[Source "John Saunders"]
[SourceDate "2025.01.31"]
[SourceVersion "1"]
[SourceVersionDate "2025.01.31"]
[SourceQuality "1"]

1. d4 Nf6 2. c4 e6 3. Nf3 d5 4. g3 Be7 5. Bg2 O-O 6. O-O dxc4 7. Qc2 a6 8. a4 Bd7 9. Qxc4 Bc6 10. Nc3 b5 11. Qb3 b4 12. Nd1 Bd5 13. Qc2 Nbd7 14. Bg5 Rc8 15. Ne3 Be4 16. Qc4 c5 17. Rfd1 Qa5 18. Bxf6 Nxf6 19. Qb3 cxd4 20. Rxd4 Bc5 21. Rd2 Qb6 22. Ne5 Bxg2 23. Kxg2 Ne4 24. Rd3 Bd4 25. Nd7 Qb7 26. f3 Bxe3 1/2-1/2

[Event "GBR-ch109 Over 50"]
[Site "Leicester"]
[Date "2023.07.28"]
[Round "5.10"]
[White "Kett, Timothy J"]
[Black "Grillage, Andrew"]
[Result "1-0"]
[WhiteElo "2062"]
[BlackElo "2010"]
[PlyCount "77"]
[EventDate "2023.07.24"]
[EventType "swiss"]
[EventRounds "7"]
[EventCountry "GBR"]
[SourceTitle "BritBase"]
[Source "John Saunders"]
[SourceDate "2025.01.31"]
[SourceVersion "1"]
[SourceVersionDate "2025.01.31"]
[SourceQuality "1"]

1. e4 d5 2. exd5 Qxd5 3. Nc3 Qd8 4. d4 Nf6 5. Nf3 Bg4 6. h3 Bxf3 7. Qxf3 c6 8. Be3 e6 9. Bd3 Nbd7 10. O-O Bd6 11. Rfe1 O-O 12. Rad1 Re8 13. Ne4 Nxe4 14. Qxe4 g6 15. Bh6 Bf8 16. Bxf8 Rxf8 17. c4 a5 18. Bf1 Qc7 19. h4 Rfd8 20. Qf3 h5 21. g3 a4 22. Bg2 Nb6 23. Qc3 Rd7 24. Rd2 Qd8 25. Red1 Qf6 26. Qb4 Qd8 27. Qc5 Ra6 28. Bf1 Nc8 29. Qe5 Ra5 30. Qf4 Ne7 31. Bh3 Nf5 32. b4 axb3 33. axb3 Qb6 34. Rd3 Rd8 35. d5 cxd5 36. cxd5 Raxd5 37. Bxf5 gxf5 38. Qg5+ Kf8 39. Qh6+ 1-0

[Event "GBR-ch109 Over 50"]
[Site "Leicester"]
[Date "2023.07.28"]
[Round "5.11"]
[White "Rich, Mark C"]
[Black "Watson, Simon"]
[Result "1-0"]
[WhiteElo "2043"]
[BlackElo "1835"]
[PlyCount "41"]
[EventDate "2023.07.24"]
[EventType "swiss"]
[EventRounds "7"]
[EventCountry "GBR"]
[SourceTitle "BritBase"]
[Source "John Saunders"]
[SourceDate "2025.01.31"]
[SourceVersion "1"]
[SourceVersionDate "2025.01.31"]
[SourceQuality "1"]

1. e4 d6 2. Nc3 Nf6 3. f4 g6 4. Nf3 Bg7 5. d4 c6 6. Bd3 b5 7. a3 a6 8. O-O O-O 9. Qe1 Re8 10. Qh4 Nbd7 11. e5 Nd5 12. f5 dxe5 13. fxg6 fxg6 14. Nxd5 cxd5 15. Ng5 Nf8 16. Rxf8+ Kxf8 17. Nxh7+ Kf7 18. Ng5+ Kg8 19. Bxg6 Bd7 20. Qh7+ Kf8 21. Be3 1-0

[Event "GBR-ch109 Over 50"]
[Site "Leicester"]
[Date "2023.07.28"]
[Round "5.12"]
[White "Molyneux, John"]
[Black "Kirby, Peter J"]
[Result "1-0"]
[WhiteElo "2230"]
[BlackElo "1985"]
[PlyCount "70"]
[EventDate "2023.07.24"]
[EventType "swiss"]
[EventRounds "7"]
[EventCountry "GBR"]
[SourceTitle "BritBase"]
[Source "John Saunders"]
[SourceDate "2025.01.31"]
[SourceVersion "1"]
[SourceVersionDate "2025.01.31"]
[SourceQuality "1"]

1. e4 c5 2. Nc3 e6 3. Nf3 a6 4. g3 b5 5. Bg2 Bb7 6. d4 cxd4 7. Nxd4 Nf6 8. O-O b4 9. Na4 Bxe4 10. Bxe4 Nxe4 11. Re1 Nc5 12. Nxc5 Bxc5 13. Nf5 O-O 14. Qf3 Nc6 15. Nxg7 Kxg7 16. Re4 f5 17. Rh4 Qf6 18. Bh6+ Kh8 19. Bxf8 Rxf8 20. Rd1 d5 21. Qh5 Rf7 22. c3 bxc3 23. bxc3 Kg8 24. Qe2 Ne5 25. Rf4 Nc4 26. Rb1 e5 27. Rb8+ Rf8 28. Rxc4 Bxf2+ 29. Qxf2 Rxb8 30. Rc5 Rb1+ 31. Kg2 Qe6 32. Qd2 Rb5 33. Qg5+ Qg6 34. Qd8+ Kg7 35. Rc7+ Kh6 1-0

[Event "GBR-ch109 Over 50"]
[Site "Leicester"]
[Date "2023.07.28"]
[Round "5.13"]
[White "Hughes, Roy"]
[Black "Brett, Andrew R"]
[Result "0-1"]
[WhiteElo "2007"]
[BlackElo "2078"]
[PlyCount "52"]
[EventDate "2023.07.24"]
[EventType "swiss"]
[EventRounds "7"]
[EventCountry "GBR"]
[SourceTitle "BritBase"]
[Source "John Saunders"]
[SourceDate "2025.01.31"]
[SourceVersion "1"]
[SourceVersionDate "2025.01.31"]
[SourceQuality "1"]

1. d4 Nf6 2. Nf3 d5 3. g3 g6 4. Bg2 Bg7 5. O-O O-O 6. c4 c6 7. Nc3 dxc4 8. a4 Nd5 9. e4 Nb4 10. Be3 Bg4 11. Qd2 Nd3 12. Ne2 e5 13. Qc3 exd4 14. Bxd4 Bxd4 15. Nexd4 c5 16. Nc2 Qe7 17. Ne3 Be6 18. Nxc4 Nb4 19. Rac1 Na2 20. Qe3 Nxc1 21. Rxc1 Bxc4 22. Rxc4 Nd7 23. e5 Rae8 24. Qh6 Nxe5 25. Ng5 f6 26. Bd5+ Kh8 0-1

[Event "GBR-ch109 Over 50"]
[Site "Leicester"]
[Date "2023.07.28"]
[Round "5.14"]
[White "Smith, Peter"]
[Black "Kennedy, Craig"]
[Result "1-0"]
[WhiteElo "2063"]
[BlackElo "1784"]
[PlyCount "65"]
[EventDate "2023.07.24"]
[EventType "swiss"]
[EventRounds "7"]
[EventCountry "GBR"]
[SourceTitle "BritBase"]
[Source "John Saunders"]
[SourceDate "2025.01.31"]
[SourceVersion "1"]
[SourceVersionDate "2025.01.31"]
[SourceQuality "1"]

1. Nf3 d6 2. d4 Nf6 3. g3 Nbd7 4. Bg2 e5 5. O-O Be7 6. c4 O-O 7. Nc3 c6 8. Qc2 Re8 9. b3 Bf8 10. Bb2 e4 11. Ng5 d5 12. cxd5 cxd5 13. Nb5 h6 14. Nc7 hxg5 15. Nxa8 Re6 16. Qc7 Qxc7 17. Nxc7 Rc6 18. Rfc1 Nb8 19. Nb5 Rxc1+ 20. Rxc1 Nc6 21. Ba3 Bg4 22. Bxf8 Kxf8 23. e3 Ke7 24. a3 a6 25. Nc3 Kd6 26. b4 Nd7 27. Na4 Be2 28. Nc5 b6 29. Nxd7 Kxd7 30. Bf1 Bxf1 31. Kxf1 Nd8 32. Ke2 Nb7 33. f3 1-0

[Event "GBR-ch109 Over 50"]
[Site "Leicester"]
[Date "2023.07.28"]
[Round "5.15"]
[White "Brown, Alan M"]
[Black "Cole, Graham L"]
[Result "1/2-1/2"]
[WhiteElo "1988"]
[BlackElo "1628"]
[PlyCount "102"]
[EventDate "2023.07.24"]
[EventType "swiss"]
[EventRounds "7"]
[EventCountry "GBR"]
[SourceTitle "BritBase"]
[Source "John Saunders"]
[SourceDate "2025.01.31"]
[SourceVersion "1"]
[SourceVersionDate "2025.01.31"]
[SourceQuality "1"]

1. d4 Nf6 2. c4 g6 3. Nc3 Bg7 4. e4 d6 5. Be2 O-O 6. Bg5 c5 7. d5 h6 8. Bf4 e6 9. h3 exd5 10. exd5 Re8 11. Nf3 Bf5 12. O-O Ne4 13. Nxe4 Rxe4 14. Bc1 Re8 15. Bd3 Bxd3 16. Qxd3 Nd7 17. Rb1 Qf6 18. Bd2 Ne5 19. Nxe5 Qxe5 20. Rfe1 Qf6 21. b3 Kf8 22. Be3 b6 23. Re2 a6 24. Rbe1 Rab8 25. Qd2 b5 26. Bxh6 Rxe2 27. Bxg7+ Kxg7 28. Qxe2 bxc4 29. Qxc4 a5 30. Rc1 Rb4 31. Qc3 Rd4 32. Qxa5 Rxd5 33. Qe1 Kh7 34. Rd1 Re5 35. Qc3 Qe6 36. Kf1 Rf5 37. Re1 Qd7 38. Re4 Qd8 39. g3 Rh5 40. Kg2 Qa8 41. Qf3 Qf8 42. Qf6 d5 43. Rh4 Rxh4 44. Qxh4+ Kg7 45. Qf4 Qe7 46. Qe3 Qd6 47. Kf1 d4 48. Qd3 Qe6 49. h4 Qd5 50. Kg1 Qe5 51. Kg2 Qe1 1/2-1/2

[Event "GBR-ch109 Over 50"]
[Site "Leicester"]
[Date "2023.07.28"]
[Round "5.16"]
[White "Crichton, Martin"]
[Black "Baer, Bruce L"]
[Result "0-1"]
[WhiteElo "1906"]
[BlackElo "2026"]
[PlyCount "56"]
[EventDate "2023.07.24"]
[EventType "swiss"]
[EventRounds "7"]
[EventCountry "GBR"]
[SourceTitle "BritBase"]
[Source "John Saunders"]
[SourceDate "2025.01.31"]
[SourceVersion "1"]
[SourceVersionDate "2025.01.31"]
[SourceQuality "1"]

1. c4 g6 2. Nc3 Bg7 3. e4 d6 4. g3 e5 5. Bg2 Be6 6. d3 c6 7. Nge2 f5 8. Be3 Nf6 9. h3 O-O 10. O-O f4 11. gxf4 Qd7 12. Kh2 Nh5 13. fxe5 dxe5 14. Qd2 Na6 15. b3 Nf4 16. Bxf4 exf4 17. f3 g5 18. d4 Rf6 19. Rad1 Rh6 20. Ng1 Rf8 21. d5 Bxh3 22. Bxh3 g4 23. fxg4 Qxg4 24. Rf3 Rxh3+ 25. Rxh3 f3 26. Rg3 Be5 27. Qf2 Kh8 28. Rf1 Rg8 0-1

[Event "GBR-ch109 Over 50"]
[Site "Leicester"]
[Date "2023.07.28"]
[Round "5.17"]
[White "Strugar, Ioan"]
[Black "Giulian, Rosemary A"]
[Result "0-1"]
[WhiteElo "1359"]
[BlackElo "1855"]
[PlyCount "142"]
[EventDate "2023.07.24"]
[EventType "swiss"]
[EventRounds "7"]
[EventCountry "GBR"]
[SourceTitle "BritBase"]
[Source "John Saunders"]
[SourceDate "2025.01.31"]
[SourceVersion "1"]
[SourceVersionDate "2025.01.31"]
[SourceQuality "1"]

1. e4 e6 2. d4 d5 3. Nc3 dxe4 4. Nxe4 Nd7 5. c4 Ngf6 6. Nc3 Nb6 7. Nf3 g6 8. Bd3 Bg7 9. O-O O-O 10. Bf4 a6 11. Rc1 Nh5 12. Be3 f5 13. Bg5 Bf6 14. Bxf6 Qxf6 15. b3 Nd7 16. Re1 b6 17. Qd2 Bb7 18. Ne5 Rad8 19. Qe3 Nxe5 20. dxe5 Qh4 21. Rcd1 f4 22. Qh3 Qxh3 23. gxh3 Bf3 24. Be2 Bxe2 25. Nxe2 Rxd1 26. Rxd1 Rf5 27. Rd8+ Kg7 28. Rd7+ Kh6 29. Rxc7 Rxe5 30. Kf1 Re4 31. Rc6 b5 32. cxb5 axb5 33. f3 Re3 34. Kf2 Ng7 35. Nxf4 Re5 36. h4 g5 37. hxg5+ Kxg5 38. Nd3 Rd5 39. Rc5 Kf6 40. Rxd5 exd5 41. a4 bxa4 42. bxa4 Ne8 43. Ke3 Ke6 44. Kd4 Kd6 45. f4 Ng7 46. Nb4 Nf5+ 47. Kc3 Kc5 48. Nd3+ Kb6 49. Kb4 Ka6 50. Nc5+ Kb6 51. a5+ Kc6 52. Nd3 h5 53. Ne5+ Kb7 54. Kc5 d4 55. Nc4 h4 56. Kd5 h3 57. Ke4 Ng3+ 58. Kf3 Nf1 59. f5 Nxh2+ 60. Kg3 Ng4 61. Kxh3 Nf6 62. Kg3 Ka6 63. Kf4 Kb5 64. Ke5 Kxc4 65. a6 d3 66. a7 Nd7+ 67. Kd6 Nb6 68. Kc6 Na8 69. f6 d2 70. f7 d1=Q 71. f8=Q Qd5# 0-1

[Event "GBR-ch109 Over 50"]
[Site "Leicester"]
[Date "2023.07.28"]
[Round "5.18"]
[White "Kalerwa, Edwin M"]
[Black "Drugan, Mark A"]
[Result "1/2-1/2"]
[WhiteElo "1694"]
[BlackElo "1693"]
[PlyCount "112"]
[EventDate "2023.07.24"]
[EventType "swiss"]
[EventRounds "7"]
[EventCountry "GBR"]
[SourceTitle "BritBase"]
[Source "John Saunders"]
[SourceDate "2025.01.31"]
[SourceVersion "1"]
[SourceVersionDate "2025.01.31"]
[SourceQuality "1"]

1. Nf3 Nf6 2. d4 g6 3. c4 Bg7 4. Nc3 O-O 5. e4 d6 6. h3 e5 7. Be3 exd4 8. Nxd4 b6 9. Qd2 Bb7 10. f3 Nbd7 11. O-O-O Nc5 12. Rg1 a5 13. g4 a4 14. Bh6 Ne6 15. Nf5 Ne8 16. Nxg7 N8xg7 17. f4 Qf6 18. Bg2 g5 19. fxg5 Qf4 20. Rgf1 Qxd2+ 21. Rxd2 Nc5 22. Nd5 Bxd5 23. exd5 Rfe8 24. Kc2 Re7 25. Rdf2 Rae8 26. Kc3 Re3+ 27. Kd2 R3e7 28. h4 Nd7 29. Kc3 Nc5 30. h5 Rd7 31. Rf6 Re3+ 32. Kd2 Rde7 33. R1f2 R3e5 34. g6 hxg6 35. hxg6 fxg6 36. Rxg6 Kh7 37. Rxg7+ Kxh6 38. Rg8 Kh7 39. Rgf8 Kg7 40. R8f6 Nd7 41. R6f4 Nc5 42. Rf5 Ne4+ 43. Bxe4 Rxe4 44. R5f4 Kg6 45. Kd3 Re3+ 46. Kd2 Rg3 47. Rf6+ Kg7 48. Re6 Rf7 49. Rxf7+ Kxf7 50. g5 Rxg5 51. Kc3 Rg2 52. Re3 Kf8 53. a3 Kf7 54. b4 Ra2 55. Kd4 Rd2+ 56. Kc3 Ra2 1/2-1/2

[Event "GBR-ch109 Over 50"]
[Site "Leicester"]
[Date "2023.07.29"]
[Round "6.1"]
[White "Graham, David Bruce"]
[Black "Arkell, Keith C"]
[Result "0-1"]
[WhiteElo "2151"]
[BlackElo "2392"]
[PlyCount "76"]
[EventDate "2023.07.24"]
[EventType "swiss"]
[EventRounds "7"]
[EventCountry "GBR"]
[SourceTitle "BritBase"]
[Source "John Saunders"]
[SourceDate "2025.01.31"]
[SourceVersion "1"]
[SourceVersionDate "2025.01.31"]
[SourceQuality "1"]

1. e4 d5 2. exd5 Qxd5 3. Nc3 Qd6 4. Bc4 Nf6 5. d3 a6 6. Nge2 b5 7. Bb3 Bb7 8. O-O g6 9. Bf4 Qd8 10. Ng3 Bg7 11. Re1 O-O 12. h4 Nbd7 13. Qe2 e6 14. h5 Nc5 15. h6 Bh8 16. Be5 Ncd7 17. Bf4 c5 18. Rad1 Qb6 19. Nce4 Nxe4 20. Nxe4 Qc6 21. f3 Nb6 22. Nd6 Rad8 23. Nxb7 Qxb7 24. Be5 Nd7 25. Bxh8 Kxh8 26. Qd2 Qb8 27. Re2 Qd6 28. c3 Nf6 29. Qg5 Ng8 30. Rde1 f6 31. Qh4 g5 32. Qh3 e5 33. Bxg8 Rxg8 34. Re3 Rg6 35. b4 cxb4 36. d4 bxc3 37. dxe5 Qc5 38. Kh1 c2 0-1

[Event "GBR-ch109 Over 50"]
[Site "Leicester"]
[Date "2023.07.29"]
[Round "6.2"]
[White "Eames, Robert S"]
[Black "Duncan, Christopher R"]
[Result "1-0"]
[WhiteElo "2124"]
[BlackElo "2191"]
[PlyCount "81"]
[EventDate "2023.07.24"]
[EventType "swiss"]
[EventRounds "7"]
[EventCountry "GBR"]
[SourceTitle "BritBase"]
[Source "John Saunders"]
[SourceDate "2025.01.31"]
[SourceVersion "1"]
[SourceVersionDate "2025.01.31"]
[SourceQuality "1"]

1. e4 c6 2. d4 d5 3. exd5 cxd5 4. Bd3 Nc6 5. c3 Qc7 6. h3 Nf6 7. Nf3 g6 8. O-O Bf5 9. Be2 Bg7 10. Be3 O-O 11. Nbd2 Rad8 12. Re1 Rfe8 13. Rc1 Qb8 14. b4 Rc8 15. b5 Na5 16. Qa4 Qc7 17. Ne5 Ne4 18. Nxe4 Bxe4 19. Bf4 f6 20. Nd3 e5 21. dxe5 fxe5 22. Bg5 Bxd3 23. Bxd3 b6 24. Qh4 Qd6 25. Red1 Qe6 26. Be2 Qf7 27. Bg4 Rc5 28. Be3 Rxb5 29. c4 Rb4 30. cxd5 h5 31. d6 Bf6 32. Bg5 Rf8 33. Bxf6 Qxf6 34. Qxf6 Rxf6 35. d7 Nb7 36. d8=Q+ Nxd8 37. Rxd8+ Kg7 38. Rc7+ Rf7 39. Rdd7 Rxd7 40. Bxd7 a5 41. a4 1-0

[Event "GBR-ch109 Over 50"]
[Site "Leicester"]
[Date "2023.07.29"]
[Round "6.3"]
[White "Sanger, Mark"]
[Black "Ledger, David J"]
[Result "0-1"]
[WhiteElo "2049"]
[BlackElo "2190"]
[PlyCount "126"]
[EventDate "2023.07.24"]
[EventType "swiss"]
[EventRounds "7"]
[EventCountry "GBR"]
[SourceTitle "BritBase"]
[Source "John Saunders"]
[SourceDate "2025.01.31"]
[SourceVersion "1"]
[SourceVersionDate "2025.01.31"]
[SourceQuality "1"]

1. e4 e5 2. Nc3 Nf6 3. Bc4 Nc6 4. d3 Na5 5. Nge2 Nxc4 6. dxc4 d6 7. Qd3 Be6 8. b3 Be7 9. f3 Nd7 10. Be3 Bg5 11. Bf2 Nc5 12. Qd1 f5 13. h4 Be7 14. exf5 Bxf5 15. Ng3 Be6 16. Bxc5 dxc5 17. Qxd8+ Rxd8 18. Rd1 Rd4 19. Nge4 c6 20. Na4 b6 21. c3 Rd7 22. Rxd7 Kxd7 23. Nb2 Bf5 24. Ke2 Kc7 25. Nd3 Rf8 26. Ke3 Re8 27. g4 Bc8 28. Ng3 b5 29. Ne4 Kb6 30. Nd2 h6 31. Ke4 Bf6 32. Nf1 Be6 33. Ne3 Bg8 34. h5 Rd8 35. Nxe5 Rd2 36. Ra1 Bh7+ 37. Ng6 Bxc3 38. Rd1 Rxa2 39. cxb5 Bd4 40. bxc6 Re2 41. Rd3 Kxc6 42. f4 a5 43. Kf3 Rxe3+ 44. Rxe3 Bxe3 45. Kxe3 Kb5 46. Kd2 Kb4 47. Kc2 Bg8 48. Ne5 Bxb3+ 49. Kc1 Kc3 50. g5 a4 51. gxh6 gxh6 52. Kb1 Be6 53. Ka1 a3 54. Nf3 Kd3 55. Ne1+ Ke4 56. Nc2 a2 57. Ne1 Bc4 58. Ng2 Kf3 59. Nh4+ Kxf4 60. Ng6+ Kg5 61. Ne5 Bb3 62. Nd3 c4 63. Nc1 Kxh5 0-1

[Event "GBR-ch109 Over 50"]
[Site "Leicester"]
[Date "2023.07.29"]
[Round "6.4"]
[White "Smith, Andrew Philip"]
[Black "Duncan, Patrick CM"]
[Result "1-0"]
[WhiteElo "2038"]
[BlackElo "1996"]
[PlyCount "65"]
[EventDate "2023.07.24"]
[EventType "swiss"]
[EventRounds "7"]
[EventCountry "GBR"]
[SourceTitle "BritBase"]
[Source "John Saunders"]
[SourceDate "2025.01.31"]
[SourceVersion "1"]
[SourceVersionDate "2025.01.31"]
[SourceQuality "1"]

1. e4 c6 2. d4 d5 3. e5 Bf5 4. Nc3 e6 5. g4 Bg6 6. Nge2 f6 7. h4 fxe5 8. dxe5 Nd7 9. f4 Qb6 10. Nd4 c5 11. Nb3 d4 12. h5 Bxc2 13. Qxc2 dxc3 14. bxc3 c4 15. Nd4 Nc5 16. Bxc4 O-O-O 17. Rb1 Qc7 18. O-O Kb8 19. Be3 Nh6 20. Qg2 Ka8 21. Nxe6 Nxe6 22. Bxe6 Bc5 23. Bxc5 Qxc5+ 24. Rf2 Qc6 25. Qxc6 bxc6 26. g5 Ng8 27. Rfb2 Ne7 28. Rb7 Nd5 29. Bxd5 Rxd5 30. Rxg7 Rd2 31. e6 Re2 32. f5 a5 33. e7 1-0

[Event "GBR-ch109 Over 50"]
[Site "Leicester"]
[Date "2023.07.29"]
[Round "6.5"]
[White "Lawton, Geoffrey W"]
[Black "Crocker, Philip J"]
[Result "1/2-1/2"]
[WhiteElo "2359"]
[BlackElo "2151"]
[PlyCount "79"]
[EventDate "2023.07.24"]
[EventType "swiss"]
[EventRounds "7"]
[EventCountry "GBR"]
[SourceTitle "BritBase"]
[Source "John Saunders"]
[SourceDate "2025.01.31"]
[SourceVersion "1"]
[SourceVersionDate "2025.01.31"]
[SourceQuality "1"]

1. Nf3 d5 2. g3 Bg4 3. Bg2 Nd7 4. h3 Bh5 5. d3 c6 6. Nbd2 Ngf6 7. O-O e5 8. e4 dxe4 9. dxe4 Bc5 10. Qe2 O-O 11. a4 a5 12. Re1 Re8 13. Qf1 Qc7 14. Nh4 Rad8 15. Nb3 Bf8 16. Bf3 Bxf3 17. Nxf3 Nc5 18. Nxc5 Bxc5 19. Bg5 Be7 20. Bxf6 Bxf6 21. b3 h5 22. Rad1 g6 23. Rxd8 Rxd8 24. Rd1 Rxd1 25. Qxd1 b5 26. Qa1 bxa4 27. bxa4 c5 28. Qc3 Qc6 29. Qc4 Qb7 30. Kg2 Qb4 31. Qxb4 cxb4 32. Kf1 Kf8 33. Ke2 Ke8 34. Kd3 Kd7 35. Kc4 Kc6 36. h4 Bg7 37. Nd2 Bf6 38. Nf3 Bg7 39. Kd3 Bf6 40. Kc4 1/2-1/2

[Event "GBR-ch109 Over 50"]
[Site "Leicester"]
[Date "2023.07.29"]
[Round "6.6"]
[White "Kett, Timothy J"]
[Black "Thompson, Ian D"]
[Result "1-0"]
[WhiteElo "2062"]
[BlackElo "2035"]
[PlyCount "63"]
[EventDate "2023.07.24"]
[EventType "swiss"]
[EventRounds "7"]
[EventCountry "GBR"]
[SourceTitle "BritBase"]
[Source "John Saunders"]
[SourceDate "2025.01.31"]
[SourceVersion "1"]
[SourceVersionDate "2025.01.31"]
[SourceQuality "1"]

1. e4 e6 2. d4 d5 3. Nc3 Bb4 4. e5 Ne7 5. a3 Bxc3+ 6. bxc3 b6 7. Qg4 Ng6 8. h4 h5 9. Qg3 Ba6 10. Ne2 Qc8 11. Nf4 Nxf4 12. Bxf4 Kf8 13. Bd3 Bxd3 14. cxd3 c5 15. O-O c4 16. Bg5 Nd7 17. f4 g6 18. a4 Qc6 19. Bf6 Nxf6 20. exf6 Ke8 21. dxc4 Qxc4 22. f5 Kd7 23. fxe6+ fxe6 24. Qxg6 Raf8 25. Qg7+ Kc8 26. f7 Kd7 27. Rae1 Qxc3 28. Qe5 Qc6 29. Rf6 Qd6 30. Qe3 Qe7 31. Rxe6 Qxh4 32. Re7+ 1-0

[Event "GBR-ch109 Over 50"]
[Site "Leicester"]
[Date "2023.07.29"]
[Round "6.7"]
[White "Dargan, Paul AG"]
[Black "Walker, Martin Graham"]
[Result "0-1"]
[WhiteElo "2091"]
[BlackElo "2079"]
[PlyCount "144"]
[EventDate "2023.07.24"]
[EventType "swiss"]
[EventRounds "7"]
[EventCountry "GBR"]
[SourceTitle "BritBase"]
[Source "John Saunders"]
[SourceDate "2025.01.31"]
[SourceVersion "1"]
[SourceVersionDate "2025.01.31"]
[SourceQuality "1"]

1. e4 Nf6 2. e5 Nd5 3. d4 d6 4. c4 Nb6 5. f4 dxe5 6. fxe5 Nc6 7. Be3 Bf5 8. Nc3 e6 9. Nf3 Bg4 10. Be2 Bxf3 11. gxf3 Qh4+ 12. Bf2 Qf4 13. c5 Nd7 14. Qc1 Qxc1+ 15. Rxc1 g6 16. Rd1 O-O-O 17. f4 Bh6 18. Bh4 Rde8 19. O-O Ne7 20. Bxe7 Rxe7 21. b4 f6 22. d5 exd5 23. Nxd5 Ree8 24. c6 bxc6 25. Ba6+ Kb8 26. Ne3 Nxe5 27. b5 c5 28. Rd5 Nf7 29. Ng4 Bg7 30. Rd7 Rhf8 31. Rfd1 Rd8 32. f5 gxf5 33. Ne3 Bh6 34. Nxf5 Bf4 35. Ne7 Ka8 36. Nc6 Rxd7 37. Rxd7 Bd6 38. a4 h5 39. Na5 Ne5 40. Rh7 Nf3+ 41. Kf2 Nxh2 42. Rxh5 Ng4+ 43. Ke2 f5 44. Bb7+ Kb8 45. Bd5 Ne5 46. Rh7 Re8 47. Kf1 f4 48. Kf2 Ng4+ 49. Kf3 Nf6 50. Nc6+ Kb7 51. Na5+ Kc8 52. Bb7+ Kb8 53. Rf7 Re3+ 54. Kg2 Ne4 55. Bd5 Nc3 56. Bf3 Nxa4 57. Nc6+ Kb7 58. Ne7+ Kb6 59. Nd5+ Kxb5 60. Nxe3 fxe3 61. Be2+ Kb4 62. Kf3 Nc3 63. Kxe3 c4 64. Bg4 a5 65. Kd2 Kb3 66. Rf3 Kb2 67. Bf5 a4 68. Rh3 a3 69. Rh8 Bf4+ 70. Ke1 a2 71. Ra8 Bd6 72. Be6 Ba3 0-1

[Event "GBR-ch109 Over 50"]
[Site "Leicester"]
[Date "2023.07.29"]
[Round "6.8"]
[White "Brett, Andrew R"]
[Black "Molyneux, John"]
[Result "1-0"]
[WhiteElo "2078"]
[BlackElo "2230"]
[PlyCount "59"]
[EventDate "2023.07.24"]
[EventType "swiss"]
[EventRounds "7"]
[EventCountry "GBR"]
[SourceTitle "BritBase"]
[Source "John Saunders"]
[SourceDate "2025.01.31"]
[SourceVersion "1"]
[SourceVersionDate "2025.01.31"]
[SourceQuality "1"]

1. d4 d5 2. c4 e6 3. Nc3 Nf6 4. cxd5 exd5 5. Bg5 Be7 6. e3 c6 7. Bd3 Nbd7 8. Qc2 h6 9. Bh4 Nh5 10. Bxe7 Qxe7 11. Nge2 Nb6 12. O-O-O Be6 13. h3 O-O-O 14. Kb1 Kb8 15. Rc1 g6 16. Na4 Ng7 17. Nxb6 axb6 18. Qb3 Qc7 19. Nf4 Bf5 20. g4 Bxd3+ 21. Nxd3 h5 22. Nb4 hxg4 23. Rxc6 bxc6 24. Na6+ Kb7 25. Nxc7 Kxc7 26. Rc1 gxh3 27. Qa4 Kd7 28. Qxc6+ Ke7 29. Qc7+ Rd7 30. Qe5+ 1-0

[Event "GBR-ch109 Over 50"]
[Site "Leicester"]
[Date "2023.07.29"]
[Round "6.9"]
[White "Townsend, M Paul"]
[Black "Smith, Peter"]
[Result "1-0"]
[WhiteElo "2209"]
[BlackElo "2063"]
[PlyCount "67"]
[EventDate "2023.07.24"]
[EventType "swiss"]
[EventRounds "7"]
[EventCountry "GBR"]
[SourceTitle "BritBase"]
[Source "John Saunders"]
[SourceDate "2025.01.31"]
[SourceVersion "1"]
[SourceVersionDate "2025.01.31"]
[SourceQuality "1"]

1. c4 Nf6 2. Nf3 c5 3. g3 Nc6 4. Bg2 d6 5. O-O g6 6. d4 cxd4 7. Nxd4 Bd7 8. b3 Nxd4 9. Qxd4 Bc6 10. Bb2 Bg7 11. Nc3 O-O 12. Nd5 Nh5 13. Qd2 Bxb2 14. Qxb2 Bxd5 15. Bxd5 Qb6 16. Rfd1 Nf6 17. Bg2 Rfc8 18. Rac1 a5 19. a3 Rc7 20. Rd3 Rac8 21. Rdc3 Ng4 22. e3 Ne5 23. Qc2 Qc5 24. f4 Ng4 25. Qe2 Nf6 26. a4 Qb6 27. Qd2 Qb4 28. Qd4 Rc5 29. e4 R5c7 30. Rd1 b6 31. Bh3 Nxe4 32. Re3 f5 33. Rxe4 fxe4 34. Be6+ 1-0

[Event "GBR-ch109 Over 50"]
[Site "Leicester"]
[Date "2023.07.29"]
[Round "6.10"]
[White "Handley, Michael R"]
[Black "Pitcher, John T"]
[Result "0-1"]
[WhiteElo "1965"]
[BlackElo "2206"]
[PlyCount "124"]
[EventDate "2023.07.24"]
[EventType "swiss"]
[EventRounds "7"]
[EventCountry "GBR"]
[SourceTitle "BritBase"]
[Source "John Saunders"]
[SourceDate "2025.01.31"]
[SourceVersion "1"]
[SourceVersionDate "2025.01.31"]
[SourceQuality "1"]

1. d4 d5 2. c4 c6 3. cxd5 cxd5 4. Bf4 Nc6 5. e3 Nf6 6. Nc3 a6 7. Be2 Bf5 8. g4 Bg6 9. h4 h5 10. g5 Ne4 11. Nxe4 Bxe4 12. Bf3 Bxf3 13. Nxf3 g6 14. Ne5 e6 15. Nxc6 bxc6 16. Qa4 Qb6 17. O-O Be7 18. Rac1 Rc8 19. Rc3 Qb5 20. Qc2 a5 21. Be5 Rg8 22. Rc1 Kd7 23. Rb3 Qa6 24. Rc3 Bb4 25. Qd3 Qxd3 26. Rxd3 Ra8 27. a3 Be7 28. b4 axb4 29. axb4 Bd6 30. Bxd6 Kxd6 31. Rdc3 Ra6 32. Rc5 Rb8 33. Ra5 Rab6 34. Ra7 R8b7 35. Rxb7 Rxb7 36. Rb1 e5 37. Kg2 exd4 38. exd4 Re7 39. b5 Rb7 40. b6 c5 41. dxc5+ Kxc5 42. Kf3 Rxb6 43. Rc1+ Kd6 44. Rc8 Rb4 45. Rd8+ Ke6 46. Kg3 Rg4+ 47. Kh3 Rc4 48. Kg3 Ra4 49. f3 Rb4 50. Kh3 Rb7 51. Kg3 Rd7 52. Re8+ Re7 53. Rd8 Ke5 54. Kf2 Kd4 55. Ra8 Kc3 56. Ra3+ Kb4 57. Ra8 d4 58. Rb8+ Kc3 59. Rc8+ Kd2 60. Rd8 d3 61. Rd6 Re2+ 62. Kf1 Ke3 0-1